| 000 -ლიდერი |
| ფიქსირებული სიგრძის საკონტროლო ველი |
01480nam a2200241Ia 4500 |
| 001 - საკონტროლო ნომერი |
| საკონტროლო ველი |
17208 |
| 003 - საკონტროლო ნომრის იდენტიფიკატორი |
| საკონტროლო ველი |
GE_BSU |
| 005 - ბოლო ოპერაციის თარიღი და დრო |
| საკონტროლო ველი |
20200204130803.0 |
| 008 - ფიქსირებული სიგრძის მონაცემთა ელემენტები - ზოგადი ინფორმაცია |
| ფიქსირებული სიგრძის საკონტროლო ველი |
181216s2015ge xx |||||||||||||| ||geo|| |
| 040 ## - კატალოგიზაციის წყარო |
| Transcribing agency |
GE_BSU |
| 041 ## - ენის კოდი |
| Language code of text/sound track or separate title |
geo |
| 080 ## - უნივერსალური ათობითი კლასიფიკაციის ინდექსი |
| Universal Decimal Classification number |
338.5(042.4) ქ-16 |
| 100 ## - მთავარი ჩანაწერი - პიროვნების სახელი |
| Personal name |
ქათამაძე,დავით |
| 9 (RLIN) |
6755 |
| 245 ## - ცნობა სათაურის შესახებ |
| Title |
ფასები და ფასწარმოქმნა : |
| Remainder of title |
ლექციების კურსი : მარკეტინგის სპეციალობის ბაკალავრიატის სტუდ. / |
| Statement of responsibility, etc |
დავით ქათამაძე ; რედ . გულიკო ქათამაძე. |
| 264 ## - წარმოების, გამოცემის, დისტრიბუციის და სხვა ცნობები |
| გამოცემის, წარმოების, დისტრიბუციის... ადგილი |
ბათუმი, |
| გამოცემის, წარმოების, დისტრიბუციის... თარიღი |
2015 |
| 300 ## - ფიზიკური აღწერა |
| Extent |
250 გ .; |
| Dimensions |
20 სმ. |
| 504 ## - BIBLIOGRAPHY, ETC. NOTE |
| Bibliography, etc |
ბიბლიოგრ.: გვ. 248-249 |
| 653 ## - INDEX TERM--UNCONTROLLED |
| Uncontrolled term |
ეკონომიკა. |
| 653 ## - INDEX TERM--UNCONTROLLED |
| Uncontrolled term |
ფასები და ფასწარმოქმნა |
| 653 ## - INDEX TERM--UNCONTROLLED |
| Uncontrolled term |
ფასებისა და ფასწარმოქმნის არსი,შესწავლილია ფასწარმოქმნის ფუნქციები,განხილულია ფასთა სისტემა და სტრუქტურა,დადგენილია სავალუტო კურსებსა და ფასთა შორის კავშირი |
| 700 ## - ADDED ENTRY--PERSONAL NAME |
| Personal name |
ქათამაძე, გულიკო |
| 9 (RLIN) |
2028 |
| 942 ## - ADDED ENTRY ELEMENTS (KOHA) |
| Koha item type |
წიგნი |
| Source of classification or shelving scheme |
|